000 00322nam a22001337a 4500
008 170620b xxu||||| |||| 00| 0 eng d
020 _a9781595910691
041 _aeng
080 _a32
100 _a20
101 _aSHP
245 _aBEYOND TALLULLAH HOW SAM WYLY BECAME AMERICAS
_cHAMILTON.G
942 _2udc
_cBK
999 _c18320
_d18320